000 00996nas a2200337 4500
001 BR0302875
003 BR-BrBNA
005 20231205103848.0
007 ta
008 230509b bl.|||p| |||| 00| 00por d
040 _aBR-BrBNA
_bpor
_cBiblioteca Nacional de Agricultura
041 _a(Pt)
072 _aF03
100 1 _aMoreira, M.F.B.
100 1 _aBraga Júnior, R.A.
100 1 _aBorém, F.M.
100 1 _aRabal, H.J.
100 1 _aRabelo, G.F.
100 1 _aFabbro, I.M. dal
100 1 _aTrivi, M.R.
100 1 _aArizaga, R.
245 1 _aCaracterização da transmissão da luz laser em semente de feijão (Phaseolus vulgaris L.)
650 _aFEIJÃO
650 _aSEMENTE
650 _aUMIDADE
650 _aRAIO LASER
650 _aRADIACAO LUMINOSA
773 0 _tRevista Brasileira de Produtos Agroindustriais (Brazil)
_xISSN 1517-8595
_g(Jul-Dec 2002), v. 4(2) p. 119-125
_wBR0302875
909 _a202311
_bLúcia
_c55
_dLúcia Elande
942 _2AGRIS
_n0
_cANA
999 _c175125
_d175125